000
00209nam a2200109Ia 4500
100
_a
THACKER/MANU.
942
_c
BK
245
_a
PAINTING OF ISHWAR DASS.
260
_b
#N/A
546
_a
ENGLISH
999
_c
27411
_d
27411